000 00488nam a2200181Ia 4500
005 20250508161458.0
008 008 250505s9999 xx 000 0 eng d
037 _aTextual
040 _aFEDL
_beng
_cFEDL
041 _aeng
_2eng
084 _a370.7, ALL
_qFEDL
100 _aAlatc
_9770782
245 0 _aReport of the study grouh on the education of see teachers
300 _a107p.
650 _aEducation
942 _cTEXL
_h370.7, ALL
999 _c1370210
_d1370210